书目信息 |
| 书名: | White | |
| 作者: | Christopher Whitcomb | |
| 分册号: | ||
| 分册名: | 出版地: | New York |
|
| 出版社: | Little, Brown and Co | |
| 出版时间: | 2005. | |
| 页数: | 356P | |
| 开本: | 25CM | |
| 丛书名: | ||
| 中图分类号: | ||
| 科图分类号: | ||
| 其他分类号: | I712.4 | |
| 主题词: | ||
| 电子资源: | ||
| 000 | 00380nam0 2200133 450 | |
| 001 | 202012002950 | |
| 005 | 20121201154821.0 | |
| 008 | 12120101s | |
| 020 | @a9780316600804@bHARD@c$24.95 | |
| 099 | @dI712.4@eC5566 | |
| 245 | @aWhite@cChristopher Whitcomb | |
| 260 | 0 | @aNew York@b Little, Brown and Co.@c2005. |
| 300 | @a356P@c25CM | |
| 905 | @aTSG@b13950-1@dI712.4@eC5566 | |
| White / Christopher Whitcomb.-New York : Little, Brown and Co. , 2005. |
| 356P ; 25CM |
| ISBN 9780316600804HARD$24.95 |
| ● |
| 相关链接 |
|
|
|
正题名:White
索取号:I712.4/C5566
 
预约/预借
| 序号 | 登录号 | 条形码 | 馆藏地/架位号 | 状态 | 备注 |
| 1 | 13950 | 300139507 | 文学库116/400A自科库 18排2列6层/ [索取号:I712.4/C5566] | 在馆 | |
| 2 | 13951 | 300139516 | 文学库116/400A自科库 18排2列6层/ [索取号:I712.4/C5566] | 在馆 |